000 00291nam a2200121Ia 4500
008 201224s9999 xx 000 0 und d
100 _aMohring, Herbert (Ed.)
245 0 _aEconomics of Transport
260 _aAldershot
_bEdward Elgaqr
300 _a548
490 _vVol.I.
942 _cBK
999 _c9029
_d9029